Разработка и исследование методов повышения эффективности работы ударных генераторов: диссертация на соискание ученой степени кандидата технических наук

מידע ביבליוגרפי
מחבר ראשי: Щёголев А. А.
מחבר תאגידי: Томский политехнический институт (ТПИ)
מחברים אחרים: Сипайлов Г. А. Геннадий Антонович (научный руководитель), Лоос А. В. Александр Владимирович
שפה:רוסית
יצא לאור: Томск, [Б. и.], 1973
נושאים:
פורמט: MixedMaterials ספר
KOHA link:https://koha.lib.tpu.ru/cgi-bin/koha/opac-detail.pl?biblionumber=226306

MARC

LEADER 00000nbm0a2200000 4500
001 226306
005 20231101230725.0
035 |a (RuTPU)RU\TPU\book\246678 
090 |a 226306 
100 |a 20121121d1973 k y0rusy50 ca 
101 0 |a rus 
102 |a RU 
105 |a a m 001zy 
200 1 |a Разработка и исследование методов повышения эффективности работы ударных генераторов  |e диссертация на соискание ученой степени кандидата технических наук  |f А. А. Щёголев  |g Томский политехнический институт (ТПИ) ; науч. рук. Г. А. Сипайлов, А. В. Лоос 
210 |a Томск  |c [Б. и.]  |d 1973 
215 |a 271 л.  |c ил. 
320 |a Библиогр.: с. 260-269. 
606 1 |a Генераторы ударные  |2 stltpush  |3 (RuTPU)RU\TPU\subj\5857  |9 33845 
610 1 |a эффективность 
610 1 |a повышение 
610 1 |a разработка 
610 1 |a методы 
610 1 |a диссертации 
610 1 |a импульсные источники 
610 1 |a импульсные токи 
675 |a 621.313.12(048)  |v 3 
700 1 |a Щёголев  |b А. А. 
702 1 |a Сипайлов  |b Г. А.  |c специалист в области электромеханики  |c профессор Томского политехнического университета  |f 1920-2004  |g Геннадий Антонович  |2 stltpush  |3 (RuTPU)RU\TPU\pers\12400  |4 727 
702 1 |a Лоос  |b А. В.  |c российский ученый  |c профессор кафедры электрооборудования и электротехники Томского политехнического университета  |f 1941-  |g Александр Владимирович  |2 stltpush  |3 (RuTPU)RU\TPU\pers\19834  |4 727 
712 0 2 |a Томский политехнический институт (ТПИ)  |c (1944-1991)  |2 stltpush  |3 (RuTPU)RU\TPU\col\1123 
801 1 |a RU  |b 63413507  |c 20121121 
801 2 |a RU  |b 63413507  |c 20150908  |g RCR 
942 |c BK